000 00325nam a22001337a 4500
008 181107b xxu||||| |||| 00| 0 eng d
020 _a0879674288
041 _aeng
080 _a330
100 _a52
101 _aEKO
245 _aTaking Sides: Clashing Views on Controversial Legal Issues
_cKatsh,M.E
942 _2udc
_cBK
999 _c52080
_d52080